Guess the Mystery Categories #1 - Statistics

General Stats
  • This quiz has been taken 50,147 times
    50,106 since last reset
  • The average score is 32 of 50
Answer Stats
Hint Answer % Correct
Hospital worker Nurse
89%
Huge marine mammal Whale
89%
Heart, liver, brain e.g. Organ
87%
Big cat of Asia Tiger
87%
Fire-bird in mythology Phoenix
86%
Rhinos, bulls, and cars have one Horn
85%
Rouge, rojo, rosso Red
83%
Roman goddess of love Venus
83%
One eyed beast from Greek mythology Cyclops
82%
Soil, dirt etc. Earth
81%
Another name for quicksilver Mercury
81%
Telephone inventor Bell
79%
Where a pirate keeps treasure Chest
78%
Famous nougat chocolate bar Mars
78%
Category Planets
78%
Can be scalene or isosceles Triangle
78%
Where coral lives Reef
77%
South American country Brazil
76%
Greenish-brown eye colour Hazel
74%
Deceased, bereft of life, off the twig, pushing up the daisies Dead
73%
Category Musical Instruments
73%
Estonia, Latvia, Lithuania Baltic
67%
Place to find white cliffs Dover
67%
Category Seas
67%
French for Peter Pierre
65%
Child's toy that spins Top
63%
Central American country Panama
61%
Category Dog Breeds
60%
Michael, Randy, Jermaine, etc... Jackson
60%
Category Sharks
60%
Most popular sport in Japan Baseball
59%
Porcelain China
58%
Category Nuts
58%
Tempest Storm
53%
Mexico's largest state Chihuahua
52%
16th U.S. president Lincoln
52%
George Foreman's old job Boxer
51%
Category Countries
51%
Jimmy Carter's state Georgia
51%
Peninsula near Newfoundland Labrador
48%
Category Hats
45%
2nd largest city in Morocco Fez
44%
Darwin's boat Beagle
43%
Category X-Men
38%
American bird with a wattle Turkey
37%
University of Michigan athlete Wolverine
37%
Category State Capitals
35%
"When _____ eyes are smiling" Irish
28%
Pauper's coffin material Pine
26%
Circle of paper formed by a hole punch. Some can hang. Chad
24%
No matching quizzes found
Score Distribution
Percent of People with Each Score
Percentile by Number Answered
Your Score History
You have not taken this quiz since the last reset